Statistiques concernant Culture Générale - Série 20

Cliquez ici pour prendre le quiz!

Statistiques générales

  • Ce quiz a été pris 337 fois
  • Le résultat moyen est 9 sur 10

Statistiques - réponses

Question Réponse % Correct
De quel pays Copenhague est-elle la capitale ?Danemark
99%
Sur quel continent se trouve la Syrie ?Asie
99%
A quel pays appartient la Sardaigne ?Italie
98%
Dans quelle ville italienne peut-on se rafraîchir près de la fontaine de Trevi ?Rome
97%
Si vous vous promenez le long du Danube à Budapest, dans quel pays êtes-vous ?Hongrie
97%
Dans quel pays se trouve Saint-Jacques de Compostelle ?Espagne
95%
La ville de Pompeï a été détruite par un volcan. Lequel ?Vésuve
92%
Quelle est la capitale de la Roumanie ?Bucarest
91%
Quand vous êtes à Namur, dans quel pays vous trouvez-vous ?Belgique
87%
Quelle est la capitale de la Jamaîque ?Kingston
83%

Distribution des résultats

Percentile by Number Answered

% des personnes avec chaque résultat

Votre développement - résultats

Vous n’avez pas pris ce quiz